000
00214 a2200097 4500
001
15384
100
_a
Sloan S.J
245
_a
Pilots under stress
260
_a
London
_b
Routledge & Kegan
_c
090
_c
12013
_d
12013
942
_a
NUST-CAE
_c
M
_c
2241
999
_c
250457
_d
250457